00405nam a2200133Ia 4500008004100000082001500041100002500056245003600081260002000117600001300137942000700150952009700157999001700254241002s9999 xx 000 0 und d a297.63 AZZ aAzzam, Abd-ul-Rahman 4aThe Eternal Message of Muhammad aNew York:c1965 aReligion cUC 00104070aUITUbUITUd1994-01-01l0o297.63 AZZpUC38r2024-10-02 09:31:06w2024-10-02yUC c18365d18365